| 000 | 00640cam a2200217 4500 | ||
|---|---|---|---|
| 999 |
_c882 _d882 |
||
| 001 | 1934 | ||
| 003 | BD-DhUAP | ||
| 005 | 20200128163234.0 | ||
| 008 | 200128s1969 nyu b 001 0 eng | ||
| 040 |
_aDLC _cDLC _dBD-DhUAP _bEng |
||
| 082 | 0 | 0 |
_223 _a330.952 MAD |
| 100 | 1 | _aMaddison, Angus. | |
| 245 | 1 | 0 |
_aEconomic growth in Japan and the USSR / _cAngus Maddison. |
| 260 |
_aNew York : _bW. W. Norton, _cc1969. |
||
| 300 |
_axxviii, 174 pages ; _c21 cm. |
||
| 350 | _a1.95 | ||
| 504 | _aIncludes bibliographies and index. | ||
| 651 | 0 |
_aJapan _xEconomic conditions _y1868- |
|
| 651 | 0 |
_aSoviet Union _xEconomic conditions. |
|
| 942 |
_2ddc _cBK |
||